Подробности
| 000 -МАРКЕР |
| контрольное поле |
04004njm0a2200493 4500 |
| 001 - ИДЕНТИФИКАТОР ЗАПИСИ |
| контрольное поле |
RU\NLR\ONIZ\293018 |
| 005 - ИДЕНТИФИКАТОР ВЕРСИИ |
| контрольное поле |
20250708193610.0 |
| 035 ## - ДРУГИЕ СИСТЕМНЫЕ НОМЕРА |
| Идентификатор записи |
(NLR Aleph) 012932691 |
| 071 00 - ИЗДАТЕЛЬСКИЙ НОМЕР |
| Номер, присвоенный агентством |
Д-00026199-200 |
| 100 ## - ДАННЫЕ ОБЩЕЙ ОБРАБОТКИ |
| Данные общей обработки |
20221030d1971 |||y0rusy50 ca |
| 102 ## - СТРАНА ПУБЛИКАЦИИ ИЛИ ПРОИЗВОДСТВА |
| Страна публикации |
Российская Федерация |
| 125 ## - ПОЛЕ КОДИРОВАННЫХ ДАННЫХ: ЗВУКОЗАПИСИ И НОТНЫЕ ИЗДАНИЯ |
| Форма изложения нотного текста |
zx |
| 126 ## - ПОЛЕ КОДИРОВАННЫХ ДАННЫХ: ЗВУКОЗАПИСИ - ФИЗИЧЕСКИЕ ХАРАКТЕРИСТИКИ |
| Кодированные данные звукозаписи (общие) |
abaxcxu ux |
| Кодированные данные звукозаписи (уточнения) |
xxx |
| 127 ## - ПОЛЕ КОДИРОВАННЫХ ДАННЫХ: ПРОДОЛЖИТЕЛЬНОСТЬ ЗВУКОЗАПИСЕЙ И НОТНЫХ ИЗДАНИЙ (МУЗЫКАЛЬНОЕ ИСПОЛНЕНИЕ) |
| Продолжительность |
001000 |
| 200 1# - ЗАГЛАВИЕ И СВЕДЕНИЯ ОБ ОТВЕТСТВЕННОСТИ |
| Основное заглавие |
Поёт Александр Борисов |
| Общее обозначение материала |
Звукозапись |
| Первые сведения об ответственности |
сопровождает : Сергей Сорокин, гитара |
| 203 ## - ВИД СОДЕРЖАНИЯ И ТИП СРЕДСТВА |
| Вид содержания |
Музыка |
| Дополнительные сведения об издании |
|
| Тип средства |
аудио |
| 210 ## - ПУБЛИКАЦИЯ, РАСПРОСТРАНЕНИЕ И ДР. |
| Место издания, распространения и т.д. |
Москва |
| Имя издателя, распространителя и т. д. |
Мелодия |
| Имя изготовителя |
Завод грампластинок |
| Место изготовления |
Ленинград |
| Дата издания, распространения и т.д. |
1971 |
| 215 ## - ФИЗИЧЕСКАЯ ХАРАКТЕРИСТИКА |
| Специфическое обозначение материала и объем |
1 грп. [ГОСТ 5289-68] (10 мин) : 33 об/мин, моно |
| Размеры |
17, 5 см, в конв. |
| 327 1# - ПРИМЕЧАНИЯ О СОДЕРЖАНИИ |
| Текст примечания |
1. У пруда : старинный романс. |
| -- |
2. Дремлют плакучие ивы / [Б. Б. Барона] Б. Баратынский?. |
| -- |
3. Мираж / музыка и слова Т. Котляревской (Толстой). |
| -- |
4. Шепнув, прости / Л. Денца ; обработка С. Сорокина (1, 3, 4) |
| 464 #0 - АНАЛИТИЧЕСКИЙ УРОВЕНЬ |
| Встроенное поле |
2001#$aУ пруда$eстаринный романс$fобработка С. Сорокина |
| -- |
701#1$9z01790$aСорокин$bС. А.$gСергей Александрович$f1895-1973$4030$7ca |
| -- |
790#1$9z01701$aSorokin$bS.$gSergej$f1895-1973$4030$7ba |
| Заглавие |
У пруда |
| 464 #0 - АНАЛИТИЧЕСКИЙ УРОВЕНЬ |
| Встроенное поле |
2001#$aДремлют плакучие ивы$f[Б. Б. Барона] Б. Баратынский? |
| -- |
700#1$9z01790$aБарон$bБ.$cмузыкант$cпоэт$4230$7ca |
| -- |
790#1$9z01700$aBaron$bB.$4230$7ba |
| Заглавие |
Дремлют плакучие ивы |
| Автор |
Барон, Б. (поэт) |
| 464 #0 - АНАЛИТИЧЕСКИЙ УРОВЕНЬ |
| Встроенное поле |
2001#$aМираж$fмузыка и слова Т. Котляревской (Толстой)$gобработка С. Сорокина |
| -- |
700#1$9z01790$aКотляревская (Толстая)$bТ. К.$gТатьяна Константиновна$f1862-1918$4070$7ca |
| -- |
702#1$9z02790$aСорокин$bС. А.$gСергей Александрович$f1895-1973$4030$7ca |
| -- |
790#1$9z01700$aKotljarevskaja (Tolstaja)$bT.$gTat`jana$f1862-1918$4070$7ba |
| -- |
790#1$9z02702$aSorokin$bS.$gSergej$f1895-1973$4030$7ba |
| Заглавие |
Мираж |
| Автор |
Котляревская (Толстая), Татьяна Константиновна (1862-1918) |
| 464 #0 - АНАЛИТИЧЕСКИЙ УРОВЕНЬ |
| Встроенное поле |
2001#$aШепнув, прости$fЛ. Денца$gобработка С. Сорокина |
| -- |
700#1$9z01790$aДенца$bЛ.$gЛуиджи$f1846-1922$4070$7ca |
| -- |
702#1$9z02790$aСорокин$bС. А.$gСергей Александрович$f1895-1973$4030$7ca |
| -- |
790#1$9z02702$aSorokin$bS.$gSergej$f1895-1973$4030$7ba |
| -- |
790#1$9z01700$aDenza$bL.$gLuigi$f1846-1922$4070$7ba |
| Заглавие |
Шепнув, прости |
| Автор |
Денца, Луиджи (1846-1922) |
| 606 1# - НАИМЕНОВАНИЕ ТЕМЫ КАК ПРЕДМЕТ |
| Наименование темы |
Старинные русские романсы |
| Тематический подзаголовок |
Звукозапись |
| Географический подзаголовок |
Россия |
| Хронологический подзаголовок |
19-20 вв. |
| Формальный подзаголовок |
Звукозапись |
| Код системы |
nlr_sh |
| 606 1# - НАИМЕНОВАНИЕ ТЕМЫ КАК ПРЕДМЕТ |
| Наименование темы |
Старинные романсы для голоса и гитары |
| Географический подзаголовок |
Россия |
| Хронологический подзаголовок |
19-20 вв. |
| Формальный подзаголовок |
Звукозапись |
| Код системы |
nlr_sh |
| 606 1# - НАИМЕНОВАНИЕ ТЕМЫ КАК ПРЕДМЕТ |
| Наименование темы |
Певцы эстрадные советские |
| Хронологический подзаголовок |
20 век |
| Формальный подзаголовок |
Звукозапись |
| Код системы |
nlr_sh |
| 686 0# - ИНДЕКСЫ ДРУГИХ КЛАССИФИКАЦИЙ |
| Индекс |
Щ943.4, 8(2) |
| 686 0# - ИНДЕКСЫ ДРУГИХ КЛАССИФИКАЦИЙ |
| Индекс |
Щ943.4-043.32я43(28) |
| 700 #1 - ИМЯ ЛИЦА - ПЕРВИЧНАЯ ОТВЕТСТВЕННОСТЬ |
| Системный номер авторитетной/нормативной записи |
z01790 |
| Начальный элемент ввода |
Борисов |
| Часть имени, кроме начального элемента ввода |
А. Ф. |
| Даты |
1905-1982 |
| Расширение инициалов личного имени |
Александр Фёдорович |
| Код отношения |
Исполнитель |
| -- |
|
| Графика поля |
Кириллица |
| 702 #1 - ИМЯ ЛИЦА - ВТОРИЧНАЯ ОТВЕТСТВЕННОСТЬ |
| Системный номер авторитетной/нормативной записи |
z02790 |
| Начальный элемент ввода |
Сорокин |
| Часть имени, кроме начального элемента ввода |
С. А. |
| Даты |
1895-1973 |
| Расширение инициалов личного имени |
Сергей Александрович |
| Код отношения |
Исполнитель |
| -- |
|
| Графика поля |
Кириллица |
| 790 #1 - ИМЯ ЛИЦА - АЛЬТЕРНАТИВНАЯ ФОРМА |
| Системный номер авторитетной/нормативной записи |
z01700 |
| Начальный элемент ввода |
Borisov |
| Часть имени, кроме начального элемента ввода |
A. |
| Даты |
1905-1982 |
| Расширение инициалов личного имени |
Alexander |
| Код отношения |
Исполнитель |
| -- |
|
| Графика поля |
Латинская |
| 790 #1 - ИМЯ ЛИЦА - АЛЬТЕРНАТИВНАЯ ФОРМА |
| Системный номер авторитетной/нормативной записи |
z02702 |
| Начальный элемент ввода |
Sorokin |
| Часть имени, кроме начального элемента ввода |
S. |
| Даты |
1895-1973 |
| Расширение инициалов личного имени |
Sergej |
| Код отношения |
Исполнитель |
| -- |
|
| Графика поля |
Латинская |
| 801 #0 - ИСТОЧНИК ЗАПИСИ |
| Страна |
Российская Федерация |
| Организация |
NLR |
| Дата составления |
20221030 |
| Правила каталогизации |
PSBO |
| 801 #1 - ИСТОЧНИК ЗАПИСИ |
| Страна |
Российская Федерация |
| Организация |
NLR |
| Дата составления |
20221030 |
| Источник данных |
rusmarc |
| 801 #2 - ИСТОЧНИК ЗАПИСИ |
| Страна |
Российская Федерация |
| Организация |
NLR |
| Дата составления |
20221107 |
| 852 ## - МЕСТОНАХОЖДЕНИЕ И ШИФР ХРАНЕНИЯ |
| Идентификатор организации |
NLR |
| Наименование фонда или коллекции (Sub-Location Identifier) |
Мг |
| Шифр хранения (Call Number) |
1/787 |
| Страна |
|
| Номер экземпляра |
1 |
| 852 ## - МЕСТОНАХОЖДЕНИЕ И ШИФР ХРАНЕНИЯ |
| Идентификатор организации |
NLR |
| Наименование фонда или коллекции (Sub-Location Identifier) |
Мг |
| Шифр хранения (Call Number) |
1/787а |
| Страна |
|
| Номер экземпляра |
2 |
| 852 ## - МЕСТОНАХОЖДЕНИЕ И ШИФР ХРАНЕНИЯ |
| Идентификатор организации |
NLR |
| Наименование фонда или коллекции (Sub-Location Identifier) |
Мг |
| Шифр хранения (Call Number) |
1/787б |
| Страна |
|
| Номер экземпляра |
3 |
| 852 ## - МЕСТОНАХОЖДЕНИЕ И ШИФР ХРАНЕНИЯ |
| Идентификатор организации |
NLR |
| Наименование фонда или коллекции (Sub-Location Identifier) |
Мг |
| Шифр хранения (Call Number) |
1/787в |
| Страна |
|
| Номер экземпляра |
4 |
| 942 ## - ДОПОЛНИТЕЛЬНЫЕ ЭЛЕМЕНТЫ ЗАПИСИ (АБИС) |
| Тип экземпляра АБИС |
Звукозапись |
| 980 ## - КОЛЛЕКЦИЯ |
| Название коллекции |
Национальная библиография |
| 980 ## - КОЛЛЕКЦИЯ |
| Название коллекции |
Отдел нот и звукозаписей |